Οδηγός για την έννομη προστασία της φύσης

Saved in:
Bibliographic Details
Main Author: Λαζαρέτου, Θεοδώρα
Corporate Authors: Ελληνικό Κέντρο Βιοτόπων-Υγροτόπων, Μουσείο Γουλανδρή Φυσικής Ιστορίας
Format: Book
Language:Greek
Published: Θεσσαλονίκη : Μουσείο Γουλανδρή Φυσικής Ιστορίας, Ελληνικό Κέντρο Βιοτόπων Υγροτόπων, 1994
Subjects:
Tags: Add Tag
No Tags, Be the first to tag this record!

MARC

LEADER 00000nam a2200000 i 4500
001 1/7238
008 960730s1994 gre d
020 |a 960-7511-01-8 
035 |l 10016634 
040 |a GR-MY-UA  |b gre  |e aacr 
041 0 |a gre 
082 0 |a 344.046 
100 1 |a Λαζαρέτου, Θεοδώρα. 
245 1 0 |a Οδηγός για την έννομη προστασία της φύσης /  |c Θεοδώρα Λαζαρέτου 
260 |a Θεσσαλονίκη :   |b Μουσείο Γουλανδρή Φυσικής Ιστορίας,   |b Ελληνικό Κέντρο Βιοτόπων Υγροτόπων,   |c 1994 
300 |a 45 σ.  |b εικ. 
650 0 0 |a Nature conservation  |x Law and legislation. 
650 0 0 |a Environmental law. 
710 2 |a Ελληνικό Κέντρο Βιοτόπων-Υγροτόπων. 
710 2 |a Μουσείο Γουλανδρή Φυσικής Ιστορίας. 
852 |a INST  |b LESVOS  |e 19960730  |h 344.046 ΛΑΖ  |p 005100009383  |q 005100009383  |t BK  |y 0 
909 |a Λ  |b 042748 
922 |a 1ΔΩΡ  |b 199509